Complementary definitions of programming language semantics /
Guardado en:
| Autor Principal: | |
|---|---|
| Formato: | Libro |
| Idioma: | English |
| Publicado: |
Berlin ; New York :
Springer-Verlag,
1976.
|
| Series: | Lecture notes in computer science ;
42 |
| Materias: | |
| Etiquetas: |
Agregar Etiqueta
Sin Etiquetas, Sea el primero en etiquetar este registro!
|
| LEADER | 00820cam a2200241 a 4500 | ||
|---|---|---|---|
| 001 | MAT.inmabb005818 | ||
| 008 | 760302s1976####wb#######b####001#0#eng## | ||
| 005 | 20130404105150.0 | ||
| 245 | 1 | 0 | |a Complementary definitions of programming language semantics / |c James E. Donahue. |
| 260 | |a Berlin ; |a New York : |b Springer-Verlag, |c 1976. | ||
| 300 | |a 172 p. ; |c 25 cm. | ||
| 440 | 0 | |a Lecture notes in computer science ; |v 42 | |
| 504 | |a Bibliografía: p. [163]-172. | ||
| 510 | 4 | |a MR, |c 58 #3611 | |
| 020 | |a 038707628X | ||
| 100 | 1 | |a Donahue, James Edward, |d 1947- | |
| 650 | 0 | |a Programming languages (Electronic computers) | |
| 650 | 0 | |a Pascal (Computer program language) | |
| 650 | 0 | |a Semantics. | |
| 084 | |a 68Q55 (68N15) |2 msc2000 | ||
| 010 | |a 76006573 | ||
| 040 | |a DLC |c DLC |d DLC | ||
| 859 | |h 68 |i D674 |p A-4854 |b BIB. MATEMATICA | ||
